| 000 | 00644nam a2200217Ia 4500 | ||
|---|---|---|---|
| 003 | GCL | ||
| 008 | 140319s9999 xx 000 0 ara d | ||
| 040 |
_aGCL / _cGCL |
||
| 082 | 0 | 4 |
_a415.1 _bش ت |
| 100 | 1 | _aشوقى ضيف | |
| 245 | 1 | 0 |
_aتيسير النحو التعليمى قديما وحديثا مع نهج تجديده / _cشوقى ضيف |
| 250 | _aالثانية | ||
| 260 |
_aالقاهرة : _bدار المعارف ، _c1993 |
||
| 300 |
_a205 ص ؛ _c25 سم |
||
| 490 | _a | ||
| 650 | 0 | 4 | _aتاريخ |
| 650 | 0 | 4 | _aنحو |
| 650 | 0 | 4 | _aاللغة العربية |
| 650 | 0 | 4 | _aتعليم وتدريس |
| 942 |
_2ddc _cBK |
||
| 999 |
_c55334 _d55334 |
||